[Event "DEM U10/U10w 2014"]
[Site "Magdeburg GER"]
[Date "2014.06.08"]
[Round "2"]
[White "Diderle, Konstantin"]
[Black "Kalina, Lena"]
[Result "1/2-1/2"]
[Termination "normal"]
[Board "49"]
[WhiteElo "1103"]
[BlackElo "781"]
[PlyCount "135"]
[WhiteFideId "12965197"]
[BlackFideId "12988014"]
[EventCountry "GER"]
[EventRounds "11"]
[EventType "swiss"]
[EventDate "2014.06.07"]

1. e4 e5 2. Nf3 Nc6 3. Bc4 Bc5 4. c3 Nf6 5. b4 Bd6 6. d3 O-O 7. Be3 Ng4 8. O-O
Ne7 9. Nbd2 Ng6 10. Ne1 Qh4 11. h3 Nxe3 12. fxe3 Be7 13. Ndf3 Qh6 14. Qe2 Bg5
15. Nxg5 Qxg5 16. Nf3 Qh6 17. d4 exd4 18. exd4 Nh4 19. Rad1 d6 20. Nxh4 Qxh4
21. Qe1 Qg5 22. Rd3 Bd7 23. Rdf3 Be6 24. Bxe6 fxe6 25. Rg3 Rxf1+ 26. Kxf1 Qf6+
27. Qf2 Qh6 28. Qe3 Qf6+ 29. Qf3 Qh6 30. Qg4 Rf8+ 31. Kg1 b6 32. Qg5 Qxg5 33.
Rxg5 h6 34. Rg3 a5 35. Rf3 Ra8 36. b5 Rc8 37. Rg3 c6 38. c4 cxb5 39. cxb5 Rc4
40. Rd3 Rb4 41. e5 dxe5 42. dxe5 Rxb5 43. Rd6 Rxe5 44. Rxb6 Re2 45. Ra6 Re1+
46. Kf2 Re5 47. Kf3 Kf7 48. a4 Kf6 49. Rb6 Rd5 50. Rb5 Rd3+ 51. Ke2 Ra3 52.
Rxa5 g5 53. Ra8 Ke5 54. a5 Kd4 55. a6 Ke4 56. a7 Ra2+ 57. Kf1 Ke3 58. Kg1 e5
59. Kh1 Kf4 60. Rf8+ Kg3 61. Rf3+ Kh4 62. Re3 g4 63. hxg4 Kxg4 64. Rxe5 Rxa7
65. Kh2 h5 66. Re2 h4 67. Rf2 Ra3 68. Rf3 1/2-1/2

[Event "DEM U10/U10w 2014"]
[Site "Magdeburg GER"]
[Date "2014.06.09"]
[Round "3"]
[White "Keymer, Vincent"]
[Black "Asadzade, Idris"]
[Result "1-0"]
[Termination "normal"]
[Board "1"]
[WhiteElo "2036"]
[BlackElo "1448"]
[PlyCount "79"]
[WhiteFideId "12940690"]
[BlackFideId "12997285"]
[EventCountry "GER"]
[EventRounds "11"]
[EventType "swiss"]
[EventDate "2014.06.07"]

1. Nf3 c5 2. c4 Nf6 3. Nc3 g6 4. g3 Bg7 5. Bg2 d6 6. O-O O-O 7. d4 Nbd7 8. b3
Rb8 9. e4 b6 10. Bb2 Bb7 11. Qc2 Qc7 12. Rfe1 Rfe8 13. Nb5 Qd8 14. Nxa7 Ra8 15.
Nb5 Bc6 16. Nc3 Ra7 17. d5 Bb7 18. Nb5 Ra8 19. e5 dxe5 20. Nxe5 Nh5 21. f4 Nxe5
22. fxe5 Bf8 23. Rf1 Ng7 24. Qf2 f6 25. exf6 exf6 26. Bxf6 Qd7 27. Rad1 Nf5 28.
Bh3 Be7 29. Bxf5 Qxf5 30. Qxf5 gxf5 31. Rxf5 Bxf6 32. Rxf6 Rxa2 33. Rdf1 Ree2
34. Rf8+ Kg7 35. R1f7+ Kh6 36. Nd6 Rg2+ 37. Kf1 Rxh2 38. Nf5+ Kg5 39. Rg8+ Kh5
40. g4# 1-0

[Event "DEM U10/U10w 2014"]
[Site "Magdeburg GER"]
[Date "2014.06.09"]
[Round "3"]
[White "Ziegenfuß, Antonia"]
[Black "Svane, Frederik"]
[Result "0-1"]
[Termination "normal"]
[Board "2"]
[WhiteElo "1705"]
[BlackElo "1801"]
[PlyCount "176"]
[WhiteFideId "12962554"]
[BlackFideId "12923044"]
[EventCountry "GER"]
[EventRounds "11"]
[EventType "swiss"]
[EventDate "2014.06.07"]

1. e4 c5 2. Nf3 e6 3. d3 Nc6 4. Nbd2 d5 5. g3 g6 6. Bg2 Bg7 7. O-O Nge7 8. h3
O-O 9. h4 b6 10. h5 Bb7 11. Bh3 Qd6 12. Re1 b5 13. Nf1 dxe4 14. dxe4 Qxd1 15.
Rxd1 Rfd8 16. Be3 Nd4 17. Bxd4 cxd4 18. hxg6 hxg6 19. N3d2 Rac8 20. Rac1 Rc7
21. f4 Rdc8 22. e5 Rxc2 23. Rxc2 Rxc2 24. Nb3 Rxb2 25. Nxd4 Bd5 26. a3 a6 27.
Ra1 Ra2 28. Rxa2 Bxa2 29. Ne3 Nd5 30. Nec2 Bf8 31. Bg2 Bc5 32. Kh2 Ne3 33. Nxe3
Bxd4 34. Nc2 Bc5 35. Bc6 Bc4 36. Kh3 a5 37. Be4 b4 38. axb4 axb4 39. Ne1 Bd4
40. Nc2 Bc3 41. Ne3 Ba2 42. Bd3 Kf8 43. Nc4 Ke7 44. Nd6 b3 45. Bc4 f5 46. Nb5
Bb2 47. Nd6 Kd7 48. Nb7 Bd4 49. Na5 Bb1 50. Nxb3 Be3 51. Na5 Be4 52. Bb3 g5 53.
fxg5 Bxg5 54. Nc4 Ke7 55. Nd6 Bf3 56. Nc8+ Kd7 57. Nb6+ Kc7 58. Bxe6 Bg4+ 59.
Kg2 Kxb6 60. Bc8 Kc7 61. Be6 Kd8 62. Kf2 Ke7 63. Bc8 Bd2 64. e6 Bb4 65. Bd7 Bd6
66. Kg2 Bh5 67. Bc8 Be8 68. Kf3 Bc6+ 69. Kf2 Bd5 70. Bd7 Bxe6 71. Bxe6 Kxe6 72.
Kf3 Kf6 73. g4 f4 74. Ke4 Kg5 75. Kf3 Be5 76. Kf2 Kxg4 77. Kg2 f3+ 78. Kf2 Bd4+
79. Kf1 Kg3 80. Ke1 f2+ 81. Kf1 Be3 82. Ke2 Kg2 83. Kxe3 f1=Q 84. Kd2 Kf3 85.
Kc2 Ke3 86. Kb2 Kd3 87. Ka2 Kc3 88. Ka3 Qa1# 0-1

[Event "DEM U10/U10w 2014"]
[Site "Magdeburg GER"]
[Date "2014.06.09"]
[Round "3"]
[White "Wu, Luka"]
[Black "Dobrikov, Marco"]
[Result "0-1"]
[Termination "normal"]
[Board "3"]
[WhiteElo "1433"]
[BlackElo "1695"]
[PlyCount "150"]
[WhiteFideId "12977420"]
[BlackFideId "12950378"]
[EventCountry "GER"]
[EventRounds "11"]
[EventType "swiss"]
[EventDate "2014.06.07"]

1. e4 e5 2. Nf3 Nf6 3. Nxe5 d6 4. Nf3 Nxe4 5. Qe2 Qe7 6. d3 Nf6 7. Bg5 Qxe2+ 8.
Bxe2 Be7 9. Nc3 h6 10. Bf4 Bd7 11. Nd2 Nc6 12. Nde4 Nd4 13. Bd1 O-O-O 14. Be3
Nf5 15. Bf3 Nxe3 16. fxe3 c6 17. O-O-O Ng4 18. Rde1 d5 19. Ng3 Nxe3 20. Kb1 Bg5
21. h4 Bf6 22. Nd1 Nf5 23. Nxf5 Bxf5 24. Ne3 Bd7 25. Ng4 Bd4 26. c3 Bc5 27. Ne5
Be6 28. d4 Bd6 29. Bg4 Bxg4 30. Nxg4 f6 31. Ne3 Rhe8 32. Nf5 Bf8 33. h5 Kd7 34.
Kc2 Re6 35. Rxe6 Kxe6 36. g4 Kf7 37. Re1 g6 38. Ng3 Bd6 39. hxg6+ Kxg6 40. Ne2
Kg5 41. Rf1 Re8 42. Kd3 Re4 43. c4 Rxg4 44. cxd5 cxd5 45. Nc3 f5 46. Nxd5 f4
47. Nc3 Rg3+ 48. Kd2 Bb4 49. d5 Kf5 50. a3 Bc5 51. b4 Bd6 52. Nb5 Bb8 53. Rh1
a6 54. Nc3 f3 55. Nd1 Bf4+ 56. Kd3 f2+ 57. Ke2 Rg1 58. Nxf2 Rxh1 59. Nxh1 Ke4
60. a4 Kxd5 61. Kd3 Bd6 62. Kc3 h5 63. Nf2 h4 64. b5 Bc5 65. Nh3 axb5 66. axb5
Ke4 67. Ng5+ Kf5 68. Nf7 h3 69. Kc4 b6 70. Kd5 h2 71. Nd8 h1=Q+ 72. Kc4 Ke4 73.
Nb7 Qc1+ 74. Kb3 Qe3+ 75. Kc4 Qd3# 0-1

[Event "DEM U10/U10w 2014"]
[Site "Magdeburg GER"]
[Date "2014.06.09"]
[Round "3"]
[White "Trifan, Andrei Ioan"]
[Black "Hundrieser, Malte"]
[Result "1-0"]
[Termination "normal"]
[Board "4"]
[WhiteElo "1689"]
[BlackElo "1429"]
[PlyCount "109"]
[WhiteFideId "12967068"]
[BlackFideId "12997153"]
[EventCountry "GER"]
[EventRounds "11"]
[EventType "swiss"]
[EventDate "2014.06.07"]

1. e4 e5 2. Nf3 Nc6 3. Bc4 Bc5 4. c3 Nf6 5. d4 exd4 6. cxd4 Bb4+ 7. Bd2 Bxd2+
8. Nbxd2 d5 9. exd5 Nxd5 10. Qb3 Nce7 11. O-O O-O 12. Rfe1 c6 13. Ne4 h6 14.
Ne5 Qb6 15. Rad1 Be6 16. Nc5 Qxb3 17. Bxb3 Bc8 18. Rd3 Rd8 19. Rf3 f6 20. Nc4
Kh7 21. h3 b6 22. Ne6 Re8 23. Nd6 Rg8 24. Nc7 Rb8 25. Rg3 Rd8 26. Nce8 g5 27.
Nxf6+ Kg6 28. Nxd5 Nxd5 29. Nxc8 Rbxc8 30. Rf3 Re8 31. Rxe8 Rxe8 32. Bxd5 Re1+
33. Kh2 cxd5 34. Re3 Rd1 35. Re6+ Kg7 36. Kg3 Rxd4 37. Re7+ Kf8 38. Rxa7 Rd2
39. b4 Rb2 40. a3 Rc2 41. Rd7 Rc3+ 42. f3 Rxa3 43. Rxd5 Ra6 44. Rd6 Kg7 45. b5
Ra1 46. Rxb6 Rb1 47. Rb8 Rb4 48. Kf2 Kf7 49. b6 Kg7 50. g3 Kh7 51. b7 Kg7 52.
Ke3 h5 53. f4 g4 54. hxg4 hxg4 55. f5 1-0

[Event "DEM U10/U10w 2014"]
[Site "Magdeburg GER"]
[Date "2014.06.09"]
[Round "3"]
[White "Li, Simon"]
[Black "Kirchner, Markus"]
[Result "1-0"]
[Termination "normal"]
[Board "5"]
[WhiteElo "1814"]
[BlackElo "1409"]
[PlyCount "77"]
[WhiteFideId "12972134"]
[BlackFideId "12979163"]
[EventCountry "GER"]
[EventRounds "11"]
[EventType "swiss"]
[EventDate "2014.06.07"]

1. e4 e6 2. d4 d5 3. Nc3 Nf6 4. e5 Nfd7 5. Nce2 c5 6. c3 Qb6 7. f4 Nc6 8. Nf3
Be7 9. a3 O-O 10. b4 c4 11. g3 f6 12. Bh3 f5 13. O-O a5 14. Be3 Ra6 15. b5 Ra8
16. bxc6 Qxc6 17. Kh1 b5 18. Bd2 a4 19. Rg1 Nb6 20. Rg2 Qe8 21. Qg1 g6 22. g4
Bd7 23. gxf5 exf5 24. Be1 Qf7 25. Bh4 Kh8 26. Ng5 Bxg5 27. Bxg5 Be6 28. Rb1 Ra5
29. Bf6+ Kg8 30. Ng3 Nd7 31. Nxf5 Bxf5 32. Bxf5 Nxf6 33. exf6 Kh8 34. Bc2 Rg8
35. f5 Qxf6 36. fxg6 Qf3 37. Rf1 Qxc3 38. g7+ Rxg7 39. Rf8+ 1-0

[Event "DEM U10/U10w 2014"]
[Site "Magdeburg GER"]
[Date "2014.06.09"]
[Round "3"]
[White "Post, Hugo"]
[Black "Astner, Sebastian"]
[Result "0-1"]
[Termination "normal"]
[Board "6"]
[WhiteElo "1682"]
[BlackElo "1389"]
[PlyCount "72"]
[WhiteFideId "12962490"]
[BlackFideId "12979422"]
[EventCountry "GER"]
[EventRounds "11"]
[EventType "swiss"]
[EventDate "2014.06.07"]

1. e4 e5 2. Nf3 Nc6 3. Bc4 Bc5 4. c3 Nf6 5. d3 d6 6. h3 h6 7. Nbd2 Be6 8. Bb3
d5 9. exd5 Nxd5 10. O-O Bf5 11. Re1 O-O 12. Nxe5 Nf4 13. Qf3 Nxd3 14. Qxf5 Nxe1
15. Bxf7+ Rxf7 16. Qxf7+ Kh8 17. Ne4 Nxe5 18. Qh5 Bd6 19. Bg5 N1f3+ 20. gxf3
Qf8 21. Kg2 Kh7 22. Be3 g6 23. Qh4 Qxf3+ 24. Kg1 Qxe3 25. Nxd6 Nf3+ 26. Kh1
Nxh4 27. fxe3 cxd6 28. e4 Re8 29. Rf1 Kg7 30. Rd1 Rxe4 31. Rxd6 Re1+ 32. Kh2
Re2+ 33. Kg1 Rxb2 34. Rd7+ Kf6 35. c4 Nf3+ 36. Kh1 Rh2# 0-1

[Event "DEM U10/U10w 2014"]
[Site "Magdeburg GER"]
[Date "2014.06.09"]
[Round "3"]
[White "Wu, Leon"]
[Black "Sulayev, Daniel"]
[Result "1-0"]
[Termination "normal"]
[Board "7"]
[WhiteElo "1568"]
[BlackElo "1584"]
[PlyCount "55"]
[WhiteFideId "12977438"]
[BlackFideId "12977675"]
[EventCountry "GER"]
[EventRounds "11"]
[EventType "swiss"]
[EventDate "2014.06.07"]

1. e4 e5 2. Nf3 Nc6 3. Bb5 a6 4. Ba4 Nf6 5. O-O b5 6. Bb3 Be7 7. Re1 d6 8. h3
O-O 9. c3 Na5 10. Bc2 c5 11. d4 cxd4 12. cxd4 Qc7 13. Nbd2 Re8 14. Nf1 Bf8 15.
Bg5 Qd8 16. dxe5 dxe5 17. Qxd8 Rxd8 18. Nxe5 Rd6 19. Rad1 Rxd1 20. Rxd1 Be7 21.
Ne3 Be6 22. b3 h6 23. Bh4 Rc8 24. Bb1 Nc6 25. Nxc6 Rxc6 26. e5 Nd5 27. Bxe7
Nxe7 28. Rd8# 1-0

[Event "DEM U10/U10w 2014"]
[Site "Magdeburg GER"]
[Date "2014.06.09"]
[Round "3"]
[White "Kamp, Adrian"]
[Black "Hinrichs, Paul"]
[Result "0-1"]
[Termination "normal"]
[Board "8"]
[WhiteElo "1310"]
[BlackElo "1532"]
[PlyCount "58"]
[WhiteFideId "16222466"]
[BlackFideId "12942545"]
[EventCountry "GER"]
[EventRounds "11"]
[EventType "swiss"]
[EventDate "2014.06.07"]

1. e4 e5 2. d4 exd4 3. Nf3 Bc5 4. Bc4 Nf6 5. e5 d5 6. exd6 Qxd6 7. O-O O-O 8.
c3 dxc3 9. Nxc3 Nc6 10. Qxd6 Bxd6 11. Bg5 Ne5 12. Nxe5 Bxe5 13. Rfe1 Bxc3 14.
bxc3 Bf5 15. Bxf6 gxf6 16. Re7 b6 17. Bd5 Rad8 18. Rd1 Kg7 19. Rxc7 Be6 20. Bf3
a5 21. Rxd8 Rxd8 22. h3 Bxa2 23. Rb7 Rc8 24. Rxb6 Rxc3 25. Ra6 Rc1+ 26. Kh2 Rc5
27. Bd1 Kg6 28. Kg3 Kf5 29. Kf3 Rc3+ 0-1

[Event "DEM U10/U10w 2014"]
[Site "Magdeburg GER"]
[Date "2014.06.09"]
[Round "3"]
[White "Hommel, Niclas"]
[Black "Zeuner, Ole"]
[Result "1-0"]
[Termination "normal"]
[Board "9"]
[WhiteElo "1575"]
[BlackElo "1154"]
[PlyCount "57"]
[WhiteFideId "12974927"]
[BlackFideId "12943576"]
[EventCountry "GER"]
[EventRounds "11"]
[EventType "swiss"]
[EventDate "2014.06.07"]

1. e4 c5 2. Nf3 Nc6 3. d4 cxd4 4. Nxd4 g6 5. Nc3 Bg7 6. Be3 Nf6 7. Nxc6 bxc6 8.
e5 Ng8 9. f4 d6 10. Bc4 d5 11. Bb3 e6 12. Qd2 Ne7 13. g4 O-O 14. O-O-O Bd7 15.
h4 Qc7 16. Bc5 Qd8 17. h5 Re8 18. Bxe7 Rxe7 19. hxg6 fxg6 20. Qh2 Bf8 21. Ne2
a5 22. Nc3 c5 23. f5 a4 24. Nxd5 axb3 25. Nf6+ Kf7 26. Qxh7+ Bg7 27. Qxg6+ Kf8
28. Rh8+ Bxh8 29. Qg8# 1-0

[Event "DEM U10/U10w 2014"]
[Site "Magdeburg GER"]
[Date "2014.06.09"]
[Round "3"]
[White "Rudolph, Eva"]
[Black "Bui, Bao Anh Le"]
[Result "0-1"]
[Termination "normal"]
[Board "10"]
[WhiteElo "1129"]
[BlackElo "1551"]
[PlyCount "146"]
[WhiteFideId "16200594"]
[BlackFideId "12970719"]
[EventCountry "GER"]
[EventRounds "11"]
[EventType "swiss"]
[EventDate "2014.06.07"]

1. e4 c5 2. Nf3 d6 3. d4 cxd4 4. Nxd4 Nf6 5. Nc3 a6 6. f4 e5 7. fxe5 dxe5 8.
Nf3 Qxd1+ 9. Nxd1 Nc6 10. Nc3 Be6 11. Bg5 Be7 12. O-O-O Rd8 13. Bd3 Rd7 14. h3
Kd8 15. Kb1 Kc7 16. Rd2 Rhd8 17. Rhd1 h6 18. Be3 Bb4 19. Nd5+ Bxd5 20. exd5
Bxd2 21. dxc6 Kxc6 22. Nxe5+ Kc7 23. Nxd7 Bxe3 24. Ne5 Nh5 25. Nxf7 Rd5 26. Re1
Bd4 27. c3 Bxc3 28. Re7+ Kc8 29. Be4 Bf6 30. Re8+ Kd7 31. Rb8 Kc7 32. Rxb7+
Kxb7 33. Bxd5+ Kc7 34. Bc4 a5 35. Kc2 Nf4 36. Kb3 Nxg2 37. Nh8 Nf4 38. Bf1 Kc6
39. Ka3 Kd5 40. b4 Be7 41. Kb3 Bxb4 42. a3 Be7 43. a4 Ke5 44. Kc4 Kf6 45. Kb5
Bd8 46. h4 Ng6 47. Nxg6 Kxg6 48. Be2 Bxh4 49. Kxa5 Be1+ 50. Kb5 Kf5 51. a5 g5
52. a6 Bf2 53. Kc4 g4 54. Kd3 Kf4 55. Kd2 g3 56. Bf1 Kf3 57. Kd3 g2 58. Bxg2+
Kxg2 59. Ke4 h5 60. Kf4 h4 61. Kg4 h3 62. Kf5 h2 63. a7 Bxa7 64. Ke5 h1=Q 65.
Kd5 Qh4 66. Ke5 Be3 67. Kd5 Qd4+ 68. Ke6 Bf4 69. Kf5 Qe5+ 70. Kg6 Qe6+ 71. Kg7
Bh6+ 72. Kh7 Qf6 73. Kg8 Qg7# 0-1

[Event "DEM U10/U10w 2014"]
[Site "Magdeburg GER"]
[Date "2014.06.09"]
[Round "3"]
[White "Kosev, Momchil"]
[Black "Krause, Marc"]
[Result "1/2-1/2"]
[Termination "normal"]
[Board "11"]
[WhiteElo "1483"]
[BlackElo "1083"]
[PlyCount "60"]
[WhiteFideId "12975982"]
[BlackFideId "12985724"]
[EventCountry "GER"]
[EventRounds "11"]
[EventType "swiss"]
[EventDate "2014.06.07"]

1. d4 d5 2. Nf3 Nf6 3. g3 g6 4. Bg2 Bg7 5. O-O Nbd7 6. b3 Nb6 7. c4 dxc4 8.
bxc4 c6 9. Nbd2 Bf5 10. Re1 Ne4 11. e3 Nxd2 12. Nxd2 O-O 13. Ba3 Re8 14. Rc1 e5
15. e4 Bc8 16. d5 cxd5 17. cxd5 Bf8 18. Bxf8 Kxf8 19. Qb3 Bd7 20. Nc4 Nxc4 21.
Rxc4 b6 22. Rec1 Rc8 23. Rxc8 Bxc8 24. Qa3+ Re7 25. d6 Rd7 26. Bh3 f5 27. exf5
Kf7 28. f6 Rxd6 29. Bxc8 Rd1+ 30. Kg2 Qd5+ 1/2-1/2

[Event "DEM U10/U10w 2014"]
[Site "Magdeburg GER"]
[Date "2014.06.09"]
[Round "3"]
[White "Weishäutel, Moritz"]
[Black "Musiolik, David"]
[Result "1-0"]
[Termination "normal"]
[Board "12"]
[WhiteElo "1801"]
[BlackElo "1435"]
[PlyCount "113"]
[WhiteFideId "12967300"]
[BlackFideId "12972355"]
[EventCountry "GER"]
[EventRounds "11"]
[EventType "swiss"]
[EventDate "2014.06.07"]

1. e4 e6 2. d4 d5 3. Nc3 Bb4 4. a3 Bxc3+ 5. bxc3 dxe4 6. Qg4 Qf6 7. Qxe4 Nc6 8.
Bb2 Nge7 9. O-O-O Qg6 10. Qf4 Nd5 11. Qh4 Bd7 12. c4 Nf6 13. d5 Ne7 14. Bd3 Nf5
15. Bxf5 Qxf5 16. Qg3 Ng4 17. dxe6 Bxe6 18. Nf3 Qg6 19. h3 Nf6 20. Qxg6 hxg6
21. Rhe1 O-O 22. c5 Rad8 23. Ng5 Rxd1+ 24. Kxd1 Rd8+ 25. Kc1 Bd5 26. Re7 Rc8
27. f3 Kf8 28. Re1 c6 29. Ne4 Nxe4 30. fxe4 Re8 31. e5 Bxg2 32. h4 Bd5 33. Rd1
Rd8 34. c4 Ke7 35. cxd5 cxd5 36. Kd2 Rc8 37. Rc1 Ke6 38. Kd3 Rc6 39. Kd4 a6 40.
a4 Rc7 41. a5 Rc6 42. Rh1 Rc8 43. Rh2 Kf5 44. Kxd5 Rd8+ 45. Kc4 Ke6 46. Bd4 Rc8
47. Rb2 Rc7 48. Rb6+ Ke7 49. Kd5 Kd7 50. Rxb7 Kd8 51. Rxc7 Kxc7 52. c6 Kc8 53.
Kd6 Kd8 54. c7+ Kc8 55. Kc6 g5 56. hxg5 f5 57. e6 1-0

[Event "DEM U10/U10w 2014"]
[Site "Magdeburg GER"]
[Date "2014.06.09"]
[Round "3"]
[White "Popist, Florian"]
[Black "Bethke, Richard"]
[Result "0-1"]
[Termination "normal"]
[Board "13"]
[WhiteElo "1245"]
[BlackElo "1627"]
[PlyCount "138"]
[WhiteFideId "16203518"]
[BlackFideId "12959243"]
[EventCountry "GER"]
[EventRounds "11"]
[EventType "swiss"]
[EventDate "2014.06.07"]

1. e4 e5 2. Nf3 Nc6 3. d4 exd4 4. Nxd4 Nf6 5. Nc3 Bb4 6. Nxc6 bxc6 7. Bd3 d5 8.
exd5 cxd5 9. O-O O-O 10. Bg5 Be7 11. Be2 Bb7 12. Bf3 Rb8 13. Re1 Re8 14. Rb1 c6
15. Qd3 Qd7 16. Re2 Qc8 17. Qd2 Ba6 18. Ree1 h6 19. Bf4 Rb7 20. Be2 Bxe2 21.
Rxe2 Qd7 22. h3 d4 23. Nd1 c5 24. c3 Qf5 25. Rc1 Ne4 26. Qc2 d3 27. Qxd3 Qxf4
28. Ne3 Nf6 29. Rce1 Qd6 30. Qc2 Bd8 31. Nf5 Rxe2 32. Rxe2 Qd5 33. Rd2 Qe4 34.
Rxd8+ Kh7 35. Qxe4 Nxe4 36. Re8 Nf6 37. Re5 Nd7 38. Re7 f6 39. Nd6 Rc7 40. Ne8
Rb7 41. Nxf6+ Kg6 42. Rxd7 Rxb2 43. Ne8 Rxa2 44. Rxg7+ Kf5 45. Rc7 Ra5 46. Kf1
Ra1+ 47. Ke2 a5 48. Rxc5+ Ke6 49. Rc6+ Kd7 50. Rxh6 Kxe8 51. Ra6 a4 52. g4 a3
53. h4 a2 54. f3 Rh1 55. Rxa2 Rh2+ 56. Ke3 Rxa2 57. f4 Rc2 58. Kd3 Rg2 59. g5
Rg4 60. Ke4 Rxh4 61. Ke5 Rh3 62. c4 Ke7 63. f5 Re3+ 64. Kf4 Rc3 65. g6 Kf6 66.
Ke4 Rxc4+ 67. Kd5 Rg4 68. Kd6 Kxf5 69. Ke7 Rxg6 0-1

[Event "DEM U10/U10w 2014"]
[Site "Magdeburg GER"]
[Date "2014.06.09"]
[Round "3"]
[White "Bergauz, Igal"]
[Black "Englert, Jon"]
[Result "0-1"]
[Termination "normal"]
[Board "14"]
[WhiteElo "1783"]
[BlackElo "1375"]
[PlyCount "78"]
[WhiteFideId "12977284"]
[BlackFideId "12992275"]
[EventCountry "GER"]
[EventRounds "11"]
[EventType "swiss"]
[EventDate "2014.06.07"]

1. e4 d6 2. d4 Nf6 3. Nc3 g6 4. f4 Bg7 5. Nf3 c6 6. Be2 Nbd7 7. e5 dxe5 8. dxe5
Ng8 9. O-O e6 10. Ne4 Qb6+ 11. Kh1 Bf8 12. b3 Bc5 13. Bb2 Ne7 14. Nd6+ Kf8 15.
Ng5 h6 16. Ngxf7 Rh7 17. Rf3 Rxf7 18. Nxf7 Kxf7 19. Bc4 Nf5 20. Rd3 Ne3 21.
Rxd7+ Ke8 22. Qd3 Bxd7 23. Qxg6+ Kd8 24. Bxe6 Bxe6 25. Qxe6 Kc7 26. Qf7+ Kc8
27. e6 Qd8 28. Bf6 Qd5 29. Rg1 Nxg2 30. Qe8+ Kc7 31. Qd7+ Qxd7 32. exd7 Bxg1
33. d8=Q+ Rxd8 34. Bxd8+ Kxd8 35. Kxg2 Bd4 36. Kg3 Ke7 37. h4 h5 38. f5 Kf6 39.
Kf4 Bf2 0-1

[Event "DEM U10/U10w 2014"]
[Site "Magdeburg GER"]
[Date "2014.06.09"]
[Round "3"]
[White "Ackermann, Richard"]
[Black "Krastev, Alexander"]
[Result "0-1"]
[Termination "normal"]
[Board "16"]
[WhiteElo "1239"]
[BlackElo "1599"]
[PlyCount "66"]
[WhiteFideId "12987026"]
[BlackFideId "12989983"]
[EventCountry "GER"]
[EventRounds "11"]
[EventType "swiss"]
[EventDate "2014.06.07"]

1. e4 e5 2. Nf3 Nc6 3. Nc3 Bc5 4. Nxe5 Nxe5 5. d4 Bd6 6. dxe5 Bxe5 7. f4 Bxc3+
8. bxc3 Qh4+ 9. g3 Qf6 10. Qd4 d6 11. Bg2 c5 12. Qd3 Ne7 13. Be3 O-O 14. O-O-O
Be6 15. f5 c4 16. Qxd6 Qxc3 17. Bd4 Qa5 18. fxe6 Qg5+ 19. Qf4 Qa5 20. Qg4 f6
21. Rhf1 c3 22. Rd3 Rac8 23. Bxf6 Rxf6 24. Rxf6 h5 25. Qf3 gxf6 26. Qxf6 Qc5
27. Qf7+ Kh8 28. Rf3 Qg5+ 29. Kb1 Qb5+ 30. Kc1 Qb2+ 31. Kd1 Rd8+ 32. Ke2 Qxc2+
33. Ke3 Qd2# 0-1

[Event "DEM U10/U10w 2014"]
[Site "Magdeburg GER"]
[Date "2014.06.09"]
[Round "3"]
[White "Khamenya, Vitalia"]
[Black "Brunner, Sophia"]
[Result "0-1"]
[Termination "normal"]
[Board "17"]
[WhiteElo "1230"]
[BlackElo "1339"]
[PlyCount "172"]
[WhiteFideId "12959260"]
[BlackFideId "12960683"]
[EventCountry "GER"]
[EventRounds "11"]
[EventType "swiss"]
[EventDate "2014.06.07"]

1. e4 e6 2. d4 d5 3. exd5 exd5 4. Bd3 Bd6 5. Nc3 Ne7 6. Nf3 Be6 7. O-O Qd7 8.
Re1 f6 9. Qe2 Bf7 10. Nh4 g6 11. Nb5 Nbc6 12. Nxd6+ Qxd6 13. Bb5 O-O-O 14. c3
g5 15. Bxc6 Nxc6 16. Nf5 Qd7 17. Ne3 Rde8 18. Qc2 f5 19. Bd2 Bg6 20. Qd1 f4 21.
Nc2 Rxe1+ 22. Nxe1 Re8 23. a4 a5 24. Nf3 h6 25. b4 axb4 26. cxb4 Bh5 27. Bc3
Bxf3 28. Qxf3 Re4 29. Qd1 Qg7 30. b5 Nxd4 31. f3 Ne2+ 32. Qxe2 Qxc3 33. fxe4
Qxa1+ 34. Kf2 Qxa4 35. exd5 Qd4+ 36. Ke1 Qxd5 37. Qh5 Qe4+ 38. Kd1 Qd3+ 39. Kc1
Qc4+ 40. Kd1 Qd3+ 41. Ke1 Qxb5 42. h4 Qb4+ 43. Kd1 Qd4+ 44. Kc1 Qg1+ 45. Kd2
Qxg2+ 46. Kc3 Qc6+ 47. Kb2 Qf6+ 48. Kb1 f3 49. Qe8+ Qd8 50. Qe6+ Kb8 51. Qf5
gxh4 52. Qxf3 Qh8 53. Qh3 Qh7+ 54. Kc1 Qe7 55. Qf3 Qc5+ 56. Kd1 Qd4+ 57. Kc1
Qc4+ 58. Kd1 c6 59. Qf8+ Ka7 60. Qxh6 Qd3+ 61. Kc1 h3 62. Qf4 Qc3+ 63. Kd1 Qa1+
64. Kc2 Qa2+ 65. Kd1 h2 66. Qe3+ Kb8 67. Qe8+ Kc7 68. Qe7+ Kb6 69. Qe3+ c5 70.
Qh6+ Ka7 71. Qh3 Qa1+ 72. Ke2 h1=Q 73. Qf5 Qa2+ 74. Ke3 Qe1+ 75. Kf4 Qaf2+ 76.
Kg5 Qeg1+ 77. Kf6 Qxf5+ 78. Kxf5 Qe1 79. Kf6 c4 80. Kf5 c3 81. Kf4 c2 82. Kf3
c1=Q 83. Kg4 Qc4+ 84. Kf5 Qf7+ 85. Kg5 Qg3+ 86. Kh6 Qfg6# 0-1

[Event "DEM U10/U10w 2014"]
[Site "Magdeburg GER"]
[Date "2014.06.09"]
[Round "3"]
[White "Hommer, Jeremy"]
[Black "Deleré, Adrian"]
[Result "0-1"]
[Termination "normal"]
[Board "18"]
[WhiteElo "1229"]
[BlackElo "1447"]
[PlyCount "120"]
[WhiteFideId "12992577"]
[BlackFideId "12990400"]
[EventCountry "GER"]
[EventRounds "11"]
[EventType "swiss"]
[EventDate "2014.06.07"]

1. e4 e5 2. d4 exd4 3. Nf3 Nc6 4. Nxd4 Nf6 5. Nxc6 bxc6 6. e5 Qe7 7. Qe2 Nd5 8.
c4 Ba6 9. b3 g6 10. Bb2 Bg7 11. g3 O-O 12. Bg2 Rfe8 13. f4 d6 14. Qe4 f5 15.
Qd3 Nb4 16. Qd2 dxe5 17. O-O e4 18. Bxg7 Kxg7 19. Re1 Rad8 20. Qc3+ Kg8 21. Nd2
Rd3 22. Qb2 Qg7 23. Qxg7+ Kxg7 24. Rac1 Rxd2 25. a3 Nd3 26. Rcd1 Nxe1 27. Rxd2
Nd3 28. b4 Bxc4 29. Rc2 Bd5 30. b5 c5 31. Bf1 c4 32. Be2 Rc8 33. Bd1 c6 34.
bxc6 Rxc6 35. Kf1 Rb6 36. Ke2 Rb2 37. Rxb2 Nxb2 38. Bc2 Kf6 39. Ke3 Ke6 40. Kd4
Nd3 41. Bd1 h6 42. Be2 g5 43. fxg5 hxg5 44. h4 gxh4 45. gxh4 Kd6 46. h5 Nf4 47.
h6 Nxe2+ 48. Ke3 Bg8 49. Kxe2 Ke5 50. a4 f4 51. a5 c3 52. a6 Kd4 53. h7 Bxh7
54. Kd1 Kd3 55. Ke1 c2 56. Kf2 c1=Q 57. Kg2 e3 58. Kh2 e2 59. Kg2 e1=Q 60. Kh3
Qg3# 0-1

[Event "DEM U10/U10w 2014"]
[Site "Magdeburg GER"]
[Date "2014.06.09"]
[Round "3"]
[White "Evering, Sören"]
[Black "Breitzmann, Sander"]
[Result "1-0"]
[Termination "normal"]
[Board "19"]
[WhiteElo "1424"]
[BlackElo "1220"]
[PlyCount "197"]
[WhiteFideId "12974650"]
[BlackFideId "12987085"]
[EventCountry "GER"]
[EventRounds "11"]
[EventType "swiss"]
[EventDate "2014.06.07"]

1. e4 e5 2. Nf3 Nc6 3. Bc4 Bc5 4. O-O Nf6 5. d4 exd4 6. e5 d5 7. exf6 dxc4 8.
fxg7 Rg8 9. Re1+ Be6 10. Bg5 Qd5 11. Nc3 Qf5 12. Ne4 Rxg7 13. Nh4 Rxg5 14. Nxf5
Rxf5 15. Nxc5 Rxc5 16. Qf3 O-O-O 17. Rad1 Rcd5 18. Qg3 d3 19. cxd3 cxd3 20. Rd2
Bf5 21. Rc1 Bg6 22. b4 R8d7 23. a3 Nd8 24. Qe3 Kb8 25. h3 Ne6 26. Kh2 Rd4 27.
b5 Re4 28. Qg3 Re7 29. Qxd3 Rd4 30. Qe2 Red7 31. Rb2 Re4 32. Qf3 Rf4 33. Qc3
Rd3 34. Qe5 Rfd4 35. b6 axb6 36. Qh8+ Rd8 37. Qf6 R3d6 38. Qf3 Nd4 39. Qc3 Rc6
40. Qe1 Re6 41. Qf1 Nc6 42. a4 Bd3 43. Qd1 Be4 44. Qg4 Bg6 45. Qg3 Rdd6 46. Qc3
Re8 47. Ra2 Re7 48. Rb2 Red7 49. Ra1 Na5 50. Re1 f6 51. Rbe2 Rc6 52. Qe3 Nc4
53. Qb3 Rd8 54. Qg3 Ne5 55. Ra1 Rd5 56. Rea2 Rcc5 57. Qf4 f5 58. Qh6 Nd7 59.
Qh4 Kc8 60. Qb4 Ra5 61. Rc1 Nc5 62. Qc4 Bf7 63. Qe2 Rd7 64. Rd2 Rxd2 65. Qxd2
Nxa4 66. Qf4 c6 67. Qd6 Bd5 68. Re1 Be4 69. f3 Rd5 70. Qe6+ Kc7 71. fxe4 fxe4
72. Qxe4 Nc5 73. Qxh7+ Rd7 74. Qh4 b5 75. Qf4+ Kb6 76. Qf2 Rd5 77. Qf6 b4 78.
Rb1 Kb5 79. Qf4 Nd3 80. Qf1 c5 81. Qf3 Rd7 82. Rd1 Ne5 83. Qe2+ c4 84. Qxe5+
Ka4 85. Rxd7 c3 86. Qe1 Kb3 87. Qb1+ Kc4 88. Rxb7 b3 89. Qxb3+ Kd4 90. Rd7+ Ke4
91. Qxc3 Kf5 92. Rf7+ Ke4 93. Re7+ Kd5 94. Qd3+ Kc6 95. Re1 Kc5 96. Rc1+ Kb4
97. Qb1+ Ka3 98. Rc8 Ka4 99. Ra8# 1-0